Представление документа в формате RUSMARC

ПолеНазваниеЗначение
  Тип записи a
  Библиографический уровень m
001 Контрольный номер RU/CBS_UL/BASE/5d9bff4f5bf64d49b3494428d5e58e2a
005 Дата корректировки 20241211144422.3
010 Индекс ISBN __
a ISBN 978-5-04-172274-6
b Уточнения в пер.
d Цена 696 р. 30 к.
9 Тираж 2 000 экз.
100 Данные общей обработки __
a Данные общей обработки 20241211d 0rusy0189## ca
101 Язык документа 0_
a Язык текста rus
102 Страна публикации __
a Страна публикации RU
200 Заглавие и сведения об ответственности 1_
a Заглавие Экономика за вечер
d Параллельное заглавие Economics in one lesson
e Сведения, относящиеся к заглавию все заблуждения о богатстве, инфляции и твоей зарплате
f Первые сведения об ответственности Г. Хазлитт
g Последующие сведения об ответственности пер. с англ. К. А. Александровой
z Язык параллельного заглавия eng
210 Выходные данные 1_
a Место издания Москва
c Издательство ЭКСМО
c Издательство Бомбора
d Дата издания 2024
215 Физическое описание __
a Объем 332, [1] с.
d Формат 21,5 см.
225 Серия 2_
a Серия Экономика для всех. Разбираешься в экономике - повышаешь качество жизни!
300 Общие примечания __
a Общие примечания 12+
606 Тематические рубрики 0_
a Основная рубрика Экономика - Теория - Концепции
610 Ключевые слова 0_
a Ключевые слова экономика; экономическая теория; налоги; инфляция; таможенные пошлины; учения экономические; исследования экономические
686 Индексы других классификаций __
2 Код системы rubbk
a Классификационный индекс 65.01
700 Автор _1
a Фамилия Хазлитт
b Имя (инициалы) Г.
g Полное личное имя Генри
801 Источник записи _0
a Страна RU
b Организация МБУК ЦБС г. Ульяновска
c Дата составления 20241211
g Правила каталогизации RCR
801 Источник записи _1
a Страна RU
b Организация МБУК ЦБС г. Ульяновска
c Дата составления 20241211
g Правила каталогизации RCR
852 Данные о местонахождении __
i Авторский знак Х 15
j Шифр хранения 65.01
900 Электронные ресурсы __
a Имя электронного ресурса г. хазлитт эконом
901 Тип документа __
t Тип документа m
909 Создатель записи __
a Создатель записи obr2
b Дата создания записи 20241211